Central Issues in Jurisprudence
| Hovedforfatter: | |
|---|---|
| Format: | Ukendt |
| Udgivet: |
Sweet and Maxwell
2018
|
| Udgivelse: | 5th ed. |
| LEADER | 00228 a2200097 4500 | ||
|---|---|---|---|
| 020 | |a 9780414054912 | ||
| 100 | |a Nigel Simmonds | ||
| 245 | |a Central Issues in Jurisprudence | ||
| 250 | |a 5th ed. | ||
| 260 | |b Sweet and Maxwell |c 2018 | ||
| 999 | |c 41693 |d 41693 | ||